00971 a2200193 4500003000500000005001700005040000900022082001200031100003100043245009300074260004500167300001100212505037900223538003000602650001000632942001200642999001900654952010400673Nust20170207153259.0 cNust a617.712 aAbidi,Hussain Akram Saiyed aImage intensifiers and systems for the conquest of darknesscSaiyed Akram Hussain Saiyed aIslamabadbinstitute of optronics c1987 a175 p. aGeneral Introduction (Page-3), Evolution Of Image Intensifier Technology (Page-11), Light (Page-21), Vision And Visual Perception (Page-41), Optics For Night Vision Systems (Page-51), The Image Intensifier (Page-67), Key Parameters Of Image Intensifier Tubes (Page-101), Night Viewing Systems Based On Image Intensification (Page-123), Low Light Level TV Camera (Page-137). aAlmirah No.28 Shelf No.4 aImage 2ddccBK c183209d183209 00102ddc4070aCLbCLd2020-08-24eDonationl0o617.712 ABIpCL-D-955r2020-09-08w2020-08-24yBK